Central Library OPAC University of Rajshahi

The dialectic of ideology and technology : (Record no. 33350)

MARC details
000 -LEADER
fixed length control field 00796nam a2200253 a 4500
001 - CONTROL NUMBER
control field 33350
003 - CONTROL NUMBER IDENTIFIER
rucl marc code UkOxU
005 - DATE AND TIME OF LATEST TRANSACTION
control field 20211209052007.0
008 - FIXED-LENGTH DATA ELEMENTS--GENERAL INFORMATION
fixed length control field 140507s1976 u b 001 0 eng d
020 ## - INTERNATIONAL STANDARD BOOK NUMBER
Canceled/invalid ISBN 333197569
Canceled/invalid ISBN 333197577 (pbk.)
035 ## - SYSTEM CONTROL NUMBER
System control number (BD-RjUL)33441
040 ## - CATALOGING SOURCE
Original cataloging agency BUF
Transcribing agency BUF
Language of cataloging eng
Modifying agency BD-RjUL
041 ## - LANGUAGE CODE
Language code of text/sound track or separate title eng
082 ## - DEWEY DECIMAL CLASSIFICATION NUMBER
Classification number 335.408
Author mark and year GOD 1976
100 1# - MAIN ENTRY--PERSONAL NAME
Personal name Gouldner, Alvin Ward,
Dates associated with a name 1920-
9 (RLIN) 101237
245 14 - TITLE STATEMENT
Title The dialectic of ideology and technology :
Remainder of title the origins, grammar, and future of ideology /
Statement of responsibility, etc. Alvin W. Gouldner.
260 ## - PUBLICATION, DISTRIBUTION, ETC. (IMPRINT)
Place of publication, distribution, etc. U. S. A. :
Name of publisher, distributor, etc. Macmillan,
Date of publication, distribution, etc. c1976
300 ## - PHYSICAL DESCRIPTION
Pagination xvi, 304 p. ;
Size 23 cm
504 ## - BIBLIOGRAPHY, ETC. NOTE
Bibliography, etc Includes bibliographical references and index
650 #0 - SUBJECT ADDED ENTRY--TOPICAL TERM
Topical term or geographic name as entry element Communism and society
9 (RLIN) 3178
830 #0 - SERIES ADDED ENTRY--UNIFORM TITLE
Uniform title Critical social studies
942 ## - ADDED ENTRY ELEMENTS (KOHA)
Source of classification or shelving scheme Dewey Decimal Classification
Koha item type Books
Holdings
Lost status Source of classification or shelving scheme Damaged status Not for loan Collection code Permanent Location Current Location Shelving location Date acquired Source of acquisition Cost, normal purchase price Total Checkouts Full call number Date last seen Copy number Koha item type
  Dewey Decimal Classification   Not For Loan Non-fiction Central Library, University of Rajshahi Central Library, University of Rajshahi Reading Room 22/03/1980 Heffers 7.95   335.408 GOD 1976 07/05/2014 C-1 Books